Entrepreneurship : a process perspective / (Record no. 504)
[ view plain ]
| 000 -LEADER | |
|---|---|
| fixed length control field | 01532cam a2200361 a 4500 |
| 001 - CONTROL NUMBER | |
| control field | 13332834 |
| 005 - DATE AND TIME OF LATEST TRANSACTION | |
| control field | 20210414113912.0 |
| 008 - FIXED-LENGTH DATA ELEMENTS--GENERAL INFORMATION | |
| fixed length control field | 030904s2005 at ac b 001 0 eng d |
| 010 ## - LIBRARY OF CONGRESS CONTROL NUMBER | |
| LC control number | 2003112289 |
| 020 ## - INTERNATIONAL STANDARD BOOK NUMBER | |
| International Standard Book Number | 0324273568 |
| 035 ## - SYSTEM CONTROL NUMBER | |
| System control number | (OCoLC)ocm54440227 |
| 040 ## - CATALOGING SOURCE | |
| Original cataloging agency | CWR |
| Transcribing agency | CWR |
| Modifying agency | CE@ |
| -- | DLC |
| 042 ## - AUTHENTICATION CODE | |
| Authentication code | lccopycat |
| 050 00 - LIBRARY OF CONGRESS CALL NUMBER | |
| Classification number | HB615.B365 |
| 082 04 - DEWEY DECIMAL CLASSIFICATION NUMBER | |
| Classification number | 338.04 |
| Edition number | 21 |
| 100 1# - MAIN ENTRY--PERSONAL NAME | |
| Personal name | Baron, Robert A. |
| 245 10 - TITLE STATEMENT | |
| Title | Entrepreneurship : a process perspective / |
| Statement of responsibility, etc. | Robert A. Baron, Scott A. Shane. |
| 250 ## - EDITION STATEMENT | |
| Edition statement | 1st ed. |
| 260 ## - PUBLICATION, DISTRIBUTION, ETC. | |
| Place of publication, distribution, etc. | Mason, Ohio : |
| Name of publisher, distributor, etc. | Thomson/South-Western, |
| Date of publication, distribution, etc. | c2005. |
| 300 ## - PHYSICAL DESCRIPTION | |
| Extent | xvi, 431 p. : |
| Other physical details | ill. ; |
| Dimensions | 29 cm. |
| 504 ## - BIBLIOGRAPHY, ETC. NOTE | |
| Bibliography, etc. note | Includes bibliographical references and indexes. |
| 505 ## - FORMATTED CONTENTS NOTE | |
| Formatted contents note | Contents: Entrepreneurship: Who, what why? -- Assembling the resources -- Launching the new venture -- Runnung the business: Building lasting success -- Harvesting the rewards. |
| 650 #0 - SUBJECT ADDED ENTRY--TOPICAL TERM | |
| Topical term or geographic name entry element | Entrepreneurship. |
| 650 #0 - SUBJECT ADDED ENTRY--TOPICAL TERM | |
| Topical term or geographic name entry element | New business enterprises. |
| 700 1# - ADDED ENTRY--PERSONAL NAME | |
| Personal name | Shane, Scott, |
| Dates associated with a name | 1964- |
| 856 42 - ELECTRONIC LOCATION AND ACCESS | |
| Materials specified | Contributor biographical information |
| Uniform Resource Identifier | <a href="http://www.loc.gov/catdir/enhancements/fy1103/2003112289-b.html">http://www.loc.gov/catdir/enhancements/fy1103/2003112289-b.html</a> |
| 856 42 - ELECTRONIC LOCATION AND ACCESS | |
| Materials specified | Publisher description |
| Uniform Resource Identifier | <a href="http://www.loc.gov/catdir/enhancements/fy1103/2003112289-d.html">http://www.loc.gov/catdir/enhancements/fy1103/2003112289-d.html</a> |
| 856 41 - ELECTRONIC LOCATION AND ACCESS | |
| Materials specified | Table of contents only |
| Uniform Resource Identifier | <a href="http://www.loc.gov/catdir/enhancements/fy1103/2003112289-t.html">http://www.loc.gov/catdir/enhancements/fy1103/2003112289-t.html</a> |
| 906 ## - LOCAL DATA ELEMENT F, LDF (RLIN) | |
| a | 7 |
| b | cbc |
| c | copycat |
| d | 3 |
| e | epcn |
| f | 20 |
| g | y-gencatlg |
| 942 ## - ADDED ENTRY ELEMENTS (KOHA) | |
| Source of classification or shelving scheme | Library of Congress Classification |
| Koha item type | Books |
| Withdrawn status | Lost status | Source of classification or shelving scheme | Damaged status | Not for loan | Home library | Current library | Shelving location | Date acquired | Total Checkouts | Full call number | Barcode | Date last seen | Price effective from | Koha item type |
|---|---|---|---|---|---|---|---|---|---|---|---|---|---|---|
| Library of Congress Classification | WISCONSIN INTERNATIONAL UNIVERSITY COLLEGE, GHANA - MAIN LIBRARY | WISCONSIN INTERNATIONAL UNIVERSITY COLLEGE, GHANA - MAIN LIBRARY | General Stacks | 26/01/2012 | HB615.B365 | 1013/11 | 26/01/2012 | 26/01/2012 | Books | |||||
| Library of Congress Classification | WISCONSIN INTERNATIONAL UNIVERSITY COLLEGE, GHANA - MAIN LIBRARY | WISCONSIN INTERNATIONAL UNIVERSITY COLLEGE, GHANA - MAIN LIBRARY | 26/01/2012 | HB615.B3651 | 1014/11 | 26/01/2012 | 26/01/2012 | Books | ||||||
| Library of Congress Classification | WISCONSIN INTERNATIONAL UNIVERSITY COLLEGE, GHANA - MAIN LIBRARY | WISCONSIN INTERNATIONAL UNIVERSITY COLLEGE, GHANA - MAIN LIBRARY | 26/01/2012 | HB615.B3652 | 1015/11 | 26/01/2012 | 26/01/2012 | Books |
